000 00876nam a22002057a 4500
999 _c62335
_d62335
003 Ge_BSU
005 20241007172534.0
008 241007s1987 ge ||||| |||| 00| 0 geo d
041 _ageo
080 _a39(=353.1) მ-19
100 _aმაკალათია, სერგი
_921602
245 _aმთის რაჭა /
_cსერგი მაკალათია; [რედ. ლევან ფრუიძე].
264 _aთბილისი :
_bნაკადული,
_c1987.
300 _a99 გვ. ;
_b20 სმ.
653 _aქართველების ეთნოგრაფია
653 _aრაჭა
700 _aფრუიძე, ლევან
_eრედაქტორი
_94321
856 _uhttps://dspace.nplg.gov.ge/bitstream/1234/57866/1/Mtis_Racha.pdf
_yელ. ვესია
942 _2udc
_cᲬᲘᲒᲜᲘ